|
|
|
|
| LEADER |
01959nam a2200445 a 4500 |
| 001 |
EBC3441899 |
| 003 |
MiAaPQ |
| 005 |
20200520144314.0 |
| 006 |
m o d | |
| 007 |
cr cn||||||||| |
| 008 |
110524s2011 pauab sb 101 0 eng d |
| 010 |
|
|
|z 2011021575
|
| 020 |
|
|
|z 9780812243369 (hardcover : alk. paper)
|
| 020 |
|
|
|a 9780812205022 (electronic bk.)
|
| 035 |
|
|
|a (MiAaPQ)EBC3441899
|
| 035 |
|
|
|a (Au-PeEL)EBL3441899
|
| 035 |
|
|
|a (CaPaEBR)ebr10642651
|
| 035 |
|
|
|a (CaONFJC)MIL420884
|
| 035 |
|
|
|a (OCoLC)794700625
|
| 040 |
|
|
|a MiAaPQ
|c MiAaPQ
|d MiAaPQ
|
| 043 |
|
|
|a a-vt---
|a a-cc---
|
| 050 |
|
4 |
|a HF3800.5.Z7
|b C687 2011
|
| 082 |
0 |
4 |
|a 909/.09823
|2 23
|
| 245 |
0 |
4 |
|a The Tongking Gulf through history
|h [electronic resource] /
|c edited by Nola Cooke, Li Tana, and James A. Anderson.
|
| 260 |
|
|
|a Philadelphia :
|b University of Pennsylvania Press,
|c c2011.
|
| 300 |
|
|
|a x, 222 p. :
|b ill., maps.
|
| 440 |
|
0 |
|a Encounters with Asia
|
| 500 |
|
|
|a Papers produced for a conference organized by the Australian National University and the Guangxi Academy of Social Sciences held in Nanning, China, in 2008.
|
| 504 |
|
|
|a Includes bibliographical references and index.
|
| 505 |
0 |
|
|a pt. I. The Jiaozhi era in archaeology and history -- pt. II. The Jiaozhi Ocean and beyond (tenth to nineteenth centuries).
|
| 533 |
|
|
|a Electronic reproduction. Ann Arbor, MI : ProQuest, 2015. Available via World Wide Web. Access may be limited to ProQuest affiliated libraries.
|
| 651 |
|
0 |
|a Tonkin, Gulf of, Region
|x Commerce
|x History
|v Congresses.
|
| 651 |
|
0 |
|a Vietnam, Northern
|x Commerce
|z China
|x History
|v Congresses.
|
| 651 |
|
0 |
|a China
|x Commerce
|z Vietnam, Northern
|x History
|v Congresses.
|
| 655 |
|
4 |
|a Electronic books.
|
| 700 |
1 |
|
|a Cooke, Nola.
|
| 700 |
1 |
|
|a Li, Tana.
|
| 700 |
1 |
|
|a Anderson, James,
|d 1963-
|
| 710 |
2 |
|
|a ProQuest (Firm)
|
| 856 |
4 |
0 |
|u https://ebookcentral.proquest.com/lib/matrademy/detail.action?docID=3441899
|z Click to View
|